Geometry
Αποθηκεύτηκε σε:
| Κύριος συγγραφέας: | |
|---|---|
| Άλλοι συγγραφείς: | |
| Μορφή: | Βιβλίο |
| Γλώσσα: | English Russian |
| Δημοσίευση: |
Moscow :
Mir Publishers,
1974
|
| Θέματα: | |
| Ετικέτες: |
Προσθήκη ετικέτας
Δεν υπάρχουν, Καταχωρήστε ετικέτα πρώτοι!
|
MARC
| LEADER | 00000cam a2200000 i 4500 | ||
|---|---|---|---|
| 001 | 1/101261 | ||
| 008 | 090213s1974 eng d | ||
| 035 | |l 10103191 | ||
| 040 | |a GR-MY-UA |b gre |e aacr | ||
| 041 | 0 | |a eng |h rus | |
| 082 | 0 | |a 516 |2 (22) | |
| 100 | 1 | |a Andreev, P. P. |q (Pavel Pavlovich) | |
| 245 | 1 | 0 | |a Geometry / |c P. Andreev, E. Shuvalova ; under the editorship of E. Shuvalova ; translated from the Russian by V. Zhitomirsky |
| 260 | |a Moscow : |b Mir Publishers, |c 1974 | ||
| 300 | |a 256 σ.; |b σχέδια; |c 21 εκ. | ||
| 650 | 0 | 0 | |a Geometry. |
| 700 | 1 | |a Shuvalova, E. | |
| 852 | |a INST |b SAMOS |c MAG |e 20090213 |h 516 AND |p 005300029399 |q 005300029399 |t BK |y 0 | ||
| 901 | |a BIBL3-2009-1 | ||
| 909 | |a Σ |b 155570 | ||
| 970 | |a ΡΟΥΣΣΟΥ |b ΚΩΝΣΤΑΝΤΙΝΑ |z 2009/02/13 | ||